00305nam a2200121Ia 4500008004100000100002200041245002400063260004900087300000900136650001400145942000700159999001700166190216s9999||||xx |||||||||||||| ||und|| aVayalar Ramavarma 0aKonthayum Poonoolum bSahithya Pravarthaka Sahakarana Sangamc1950 a111p aKavithkal cBK c23851d23851